Leader xxxxxxxxxx
001 __ PCLIS00040936
005 __ 20210505130827.0
010 0_ |a978-986-218-577-3|b第1冊 : 精裝|dNT$399
010 0_ |a978-986-218-667-1|b第2冊 : 精裝|dNT$399
100 __ |a20091211g20092010m y0chiy09 e
101 0_ |achi
102 __ |atw
105 __ |af z 000ad
200 1_ |a不殺|f御我作|g小鐵繪
205 __ |a二版
210 __ |a臺中市|c銘顯文化出版|C佳音書報總經銷|d2009[民98]
215 0_ |a2冊(298, 300面)|c圖版|d22公分
225 2_ |a輕小說系列
300 __ |a全套8卷
320 __ |a含附錄
327 1_ |a1,不殺的殺手--2,被封印的殺手--3,擁有夥伴的殺手--4,過往的殺手--5,身為王子的殺手--6,流淚的殺手--7,微笑的殺手--8,成王的殺手
339 __ |a館藏: 第1-2卷
517 __ |a不殺的殺手
517 __ |a被封印的殺手
681 __ |a857.83|b875
700 _0 |a御我|4作
702 _0 |a小鐵|4繪
801 _0 |atw|b內湖高中|c20091211|gCCR
|